LDR 00992naa#a2200193#i#450# 001 RU\\bibl\126807 005 20260701081025.3 011 ## _a1815-588X 100 ## _a20260630b2026####ek#y0rusy0150####ca 102 ## _aRU 200 1# _aИмитационная модель процесса функционирования протокола PTP в режиме E2E _eЖурнальная статья 210 1# _aСанкт-Петербург _cФГБОУ ВО "Петербургский государственный университет путей сообщения Императора Александра I" _d2026 215 ## _a12 с. 608 ## _aЖурнальная статья _2local 675 ## _aЭлектросвязь. Техника электросвязи. 621.39 _z 700 #1 _aОпарин _gЕвгений Валерьевич 700 #1 _aПрошин _gФедор Алексеевич 700 #1 _aОпарина _gЕкатерина Владимировна 856 4# _aitt-pgups.ru _u